[Event "chess.com SF Blitz 5m+2spm 2016"]
[Site "chess.com INT"]
[Date "2016.08.23"]
[Round "7"]
[White "Grischuk, A."]
[Black "Carlsen, M."]
[Result "0-1"]
[WhiteElo "2754"]
[BlackElo "2857"]
[PlyCount "90"]
[EventDate "2016.08.23"]
[EventType "blitz"]

1. d4 Nf6 2. c4 e6 3. Nf3 d5 4. Nc3 a6 5. cxd5 exd5 6. Bf4 Bd6 7. Bxd6 Qxd6 8.
e3 Bf5 9. Qb3 O-O 10. Nh4 Be4 11. Nxe4 Nxe4 12. Bd3 Nc6 13. a3 f5 14. Nf3 Kh8
15. O-O Rab8 16. Rac1 Ne7 17. Qc2 c6 18. Ne5 Qe6 19. f3 Nd6 20. f4 Ng8 21. Qe2
Nf6 22. Qf3 Rg8 23. Qe2 g6 24. Kh1 Rg7 25. Rf3 Rbg8 26. b4 Nfe4 27. a4 g5 28.
fxg5 Rxg5 29. g3 Qh6 30. Kg2 Rh5 31. Rh1 Qe6 32. Rf4 Rxg3+ 33. hxg3 Rxh1 34.
Bxe4 Qh6 35. Rh4 Rxh4 36. gxh4 Qg7+ 37. Kh2 Nxe4 38. Qf3 Kg8 39. Qf4 Qf6 40.
Nd3 Qd6 41. Nc5 Qxf4+ 42. exf4 a5 43. Nxb7 axb4 44. Na5 Nc3 45. Nxc6 b3 0-1

[Event "chess.com SF Blitz 1m+1spm 2016"]
[Site "chess.com INT"]
[Date "2016.08.23"]
[Round "23"]
[White "Grischuk, A."]
[Black "Carlsen, M."]
[Result "0-1"]
[WhiteElo "2754"]
[BlackElo "2857"]
[PlyCount "124"]
[EventDate "2016.08.23"]
[EventType "blitz"]

1. c4 c5 2. Nf3 Nc6 3. g3 g6 4. Bg2 Bg7 5. Nc3 e6 6. d4 cxd4 7. Nb5 d5 8. cxd5
exd5 9. O-O Nge7 10. Bf4 O-O 11. Qd2 Nf5 12. g4 Nfe7 13. h3 a6 14. Nd6 h6 15.
Nxc8 Rxc8 16. Bxh6 f5 17. Bxg7 Kxg7 18. Nxd4 Qd6 19. Rad1 fxg4 20. hxg4 Rh8 21.
f4 Rh4 22. g5 Rch8 23. e3 Kf7 24. Nf3 R4h5 25. e4 Qc5+ 26. Qf2 Qxf2+ 27. Rxf2
dxe4 28. Ne1 e3 29. Re2 Nf5 30. Nc2 Ng3 31. Rxe3 Rh1+ 32. Bxh1 Rxh1+ 33. Kg2
Rxd1 34. Kxg3 Rd2 35. Na3 b5 36. Nb1 Rxb2 37. Nc3 Nd4 38. Rd3 Nf5+ 39. Kf3 Ke6
40. Rd8 b4 41. Ne4 Rxa2 42. Nc5+ Ke7 43. Rd7+ Ke8 44. Rb7 a5 45. Rb6 Rc2 46.
Nd3 Rc6 47. Rb8+ Ke7 48. Ne5 Rd6 49. Rb7+ Ke6 50. Nxg6 Rd3+ 51. Kf2 b3 52. Ne5
Rc3 53. g6 a4 54. Rb6+ Kd5 55. Ng4 a3 56. Nf6+ Kd4 57. Rb4+ Kd3 58. Nd5 a2 59.
Nxc3 Kxc3 60. Ra4 b2 61. Ra3+ Kc4 62. Ra4+ Kd5 0-1

[Event "chess.com SF Blitz 3m+2spm 2016"]
[Site "chess.com INT"]
[Date "2016.08.23"]
[Round "10"]
[White "Carlsen, M."]
[Black "Grischuk, A."]
[Result "0-1"]
[WhiteElo "2857"]
[BlackElo "2754"]
[PlyCount "110"]
[EventDate "2016.08.23"]
[EventType "blitz"]

1. c4 c5 2. Nf3 Nf6 3. Nc3 e6 4. g3 b6 5. Bg2 Bb7 6. O-O Be7 7. d4 cxd4 8. Qxd4
O-O 9. Rd1 Qc8 10. b3 Na6 11. Bb2 d6 12. Rac1 Nc5 13. Qe3 Rd8 14. Nd4 Ng4 15.
Qf4 Ne5 16. Bxb7 Qxb7 17. Qe3 Rac8 18. f4 Nc6 19. Nxc6 Qxc6 20. f5 h6 21. fxe6
fxe6 22. Nd5 Bg5 23. Qxg5 hxg5 24. Ne7+ Kf7 25. Nxc6 Rxc6 26. Rd4 e5 27. Rg4
Ne6 28. Rd1 b5 29. Bc1 bxc4 30. bxc4 Rb8 31. Bxg5 Rb2 32. Kf2 Rxa2 33. Be3 Ra4
34. Kf3 a5 35. c5 Rxg4 36. Kxg4 Nxc5 37. Bxc5 dxc5 38. Kf5 c4 39. Kxe5 Re6+ 40.
Kd5 Rxe2 41. Kxc4 Rxh2 42. Rd5 a4 43. Ra5 Ra2 44. Ra6 Ra1 45. Kd3 a3 46. Kc2 a2
47. Kb3 Rg1 48. Rxa2 Rxg3+ 49. Kc4 Kf6 50. Ra5 g5 51. Kd4 Kg6 52. Ke4 Kh5 53.
Ra4 Rb3 54. Kf5 Rf3+ 55. Ke5 g4 0-1

[Event "chess.com SF Blitz 5m+2spm 2016"]
[Site "chess.com INT"]
[Date "2016.08.23"]
[Round "8"]
[White "Carlsen, M."]
[Black "Grischuk, A."]
[Result "0-1"]
[WhiteElo "2857"]
[BlackElo "2754"]
[PlyCount "134"]
[EventDate "2016.08.23"]
[EventType "blitz"]

1. d4 Nf6 2. Nf3 g6 3. g3 c5 4. c3 b6 5. Bg2 Bb7 6. Bg5 Bg7 7. Nbd2 O-O 8. O-O
d6 9. Bxf6 Bxf6 10. e3 Nd7 11. a4 d5 12. b4 a5 13. b5 Rc8 14. Rc1 Qc7 15. c4
Rfd8 16. cxd5 Bxd5 17. Qe2 e6 18. Rfd1 Qb8 19. e4 Bb7 20. e5 Bg7 21. Ng5 Bxg2
22. Kxg2 cxd4 23. f4 Nc5 24. Rc4 d3 25. Qf3 Rd5 26. Rdc1 Rcd8 27. h4 Rd4 28. h5
Nxa4 29. Rc7 R4d7 30. Rxd7 Rxd7 31. Qc6 Qd8 32. hxg6 hxg6 33. Nxe6 fxe6 34.
Qxe6+ Kf8 35. Rc6 Nc5 36. Qxg6 a4 37. e6 Ra7 38. Qf5+ Kg8 39. e7 Qxe7 40. Rc8+
Bf8 41. Qg6+ Qg7 42. Qxb6 Nb3 43. Ne4 Rf7 44. Qe6 d2 45. Rd8 Nd4 46. Rxd4 Qxd4
47. Ng5 Qf6 48. Qd5 a3 49. Nxf7 Qxf7 50. Qxd2 a2 51. Qd4 Bg7 52. Qd8+ Bf8 53.
Qa8 Kg7 54. b6 Qb3 55. Qb7+ Kg8 56. Qa8 Qb2+ 57. Kh3 a1=Q 58. Qd5+ Kh8 59. Qh5+
Kg7 60. Qg5+ Kf7 61. Qd5+ Ke7 62. Qc5+ Kd7 63. Qc7+ Ke6 64. Qc6+ Bd6 65. Qe4+
Kd7 66. Qb7+ Kd8 67. Kg4 Qg7+ 0-1

[Event "chess.com SF Blitz 5m+2spm 2016"]
[Site "chess.com INT"]
[Date "2016.08.23"]
[Round "6"]
[White "Carlsen, M."]
[Black "Grischuk, A."]
[Result "1/2-1/2"]
[WhiteElo "2857"]
[BlackElo "2754"]
[PlyCount "75"]
[EventDate "2016.08.23"]
[EventType "blitz"]

1. e4 c5 2. Nf3 d6 3. d4 cxd4 4. Nxd4 Nf6 5. Nc3 a6 6. Be3 Ng4 7. Bg5 h6 8. Bc1
Nf6 9. Bc4 e6 10. Bb3 Be7 11. O-O O-O 12. f4 b5 13. e5 dxe5 14. fxe5 Nh7 15.
Qg4 Kh8 16. Be3 Bg5 17. Bf2 Nd7 18. h4 Be7 19. Qe4 Rb8 20. Nc6 Qe8 21. Nxb8
Nxb8 22. Rad1 Nd7 23. Ne2 Nc5 24. Bxc5 Bxc5+ 25. Kh1 Qe7 26. c3 Bb7 27. Qg4 f5
28. exf6 Nxf6 29. Qxe6 Qxe6 30. Bxe6 Re8 31. Nf4 g5 32. Bd5 Nxd5 33. Nxd5 Re4
34. Kh2 Bd6+ 35. Kg1 Bc5+ 36. Kh2 Bd6+ 37. Kg1 Bc5+ 38. Kh2 1/2-1/2

[Event "9th Masters Final 2016"]
[Site "Bilbao ESP"]
[Date "2016.07.23"]
[Round "10.2"]
[White "So, W."]
[Black "Carlsen, M."]
[Result "1/2-1/2"]
[WhiteElo "2770"]
[BlackElo "2855"]
[PlyCount "75"]
[EventDate "2016.07.13"]

1. d4 Nf6 2. c4 e6 3. Nf3 d5 4. Nc3 Bb4 5. Bg5 h6 6. Bxf6 Qxf6 7. e3 O-O 8. Rc1
dxc4 9. Bxc4 c5 10. O-O cxd4 11. Nxd4 Bd7 12. Qb3 Nc6 13. Nxc6 Bxc3 14. Qxb7
Bxc6 15. Qxc6 Bxb2 16. Rc2 Rac8 17. Qa4 Rc7 18. Bd3 Rxc2 19. Bxc2 Rc8 20. Rd1
Qc3 21. Bb3 Qc5 22. g3 Bf6 23. Rd7 Rc7 24. Rxc7 Qxc7 25. Qe8+ Kh7 26. h4 g6 27.
Qa8 Kg7 28. Kg2 h5 29. Qe4 a5 30. Ba4 Qc5 31. Qb7 Qb4 32. Qxb4 axb4 33. Kf3 Bc3
34. Kg2 Be1 35. Kf1 Bc3 36. Kg2 Be1 37. Kf1 Bc3 38. Kg2 1/2-1/2

[Event "9th Masters Final 2016"]
[Site "Bilbao ESP"]
[Date "2016.07.22"]
[Round "9.2"]
[White "Carlsen, M."]
[Black "Giri, A."]
[Result "1-0"]
[WhiteElo "2855"]
[BlackElo "2785"]
[PlyCount "89"]
[EventDate "2016.07.13"]

1. d4 d5 2. Bf4 Bf5 3. e3 e6 4. Bd3 Bxd3 5. Qxd3 c6 6. Nd2 Nf6 7. Ngf3 Be7 8.
O-O O-O 9. h3 Nbd7 10. a4 c5 11. a5 c4 12. Qe2 b5 13. axb6 axb6 14. Ne5 Nxe5
15. dxe5 Nd7 16. Qg4 Re8 17. h4 f5 18. Qh3 Rxa1 19. Rxa1 c3 20. bxc3 Qc7 21. c4
Nxe5 22. Qg3 Bd6 23. cxd5 exd5 24. Nb3 Qxc2 25. Nd4 Qc8 26. h5 Qd7 27. Rb1 Bc7
28. f3 Qf7 29. Ra1 Bd6 30. Ra6 Qxh5 31. Rxb6 Nc4 32. Rxd6 Nxd6 33. Bxd6 Rxe3
34. Be5 Qg6 35. Qf4 Re1+ 36. Kf2 Ra1 37. Qd2 Ra8 38. Nxf5 Qe6 39. Qg5 g6 40.
Nh6+ Kf8 41. Ng4 Ke8 42. Nf6+ Kf7 43. Nxh7 Ra4 44. Qd8 Ra2+ 45. Kg1 1-0

[Event "9th Masters Final 2016"]
[Site "Bilbao ESP"]
[Date "2016.07.21"]
[Round "8.2"]
[White "Karjakin, Sergey"]
[Black "Carlsen, M."]
[Result "1/2-1/2"]
[WhiteElo "2773"]
[BlackElo "2855"]
[PlyCount "38"]
[EventDate "2016.07.13"]

1. d4 Nf6 2. c4 e6 3. Nf3 d5 4. Nc3 Bb4 5. Qa4+ Nc6 6. e3 O-O 7. Qc2 Re8 8. Bd2
a6 9. a3 Bd6 10. h3 Bd7 11. cxd5 exd5 12. Bd3 Na7 13. Qb3 c6 14. Qxb7 Nb5 15.
Nxb5 axb5 16. Ne5 Rb8 17. Qa6 Ra8 18. Qb7 Rb8 19. Qa6 Ra8 1/2-1/2

[Event "9th Masters Final 2016"]
[Site "Bilbao ESP"]
[Date "2016.07.17"]
[Round "5.2"]
[White "Giri, A."]
[Black "Carlsen, M."]
[Result "1/2-1/2"]
[WhiteElo "2785"]
[BlackElo "2855"]
[PlyCount "123"]
[EventDate "2016.07.13"]

1. d4 d5 2. c4 dxc4 3. Nf3 a6 4. e3 Bg4 5. Bxc4 e6 6. h3 Bh5 7. Nc3 Nc6 8. O-O
Nf6 9. b3 Bd6 10. Bb2 O-O 11. Be2 Qe7 12. Rc1 Rad8 13. Ne5 Nxe5 14. Bxh5 Ng6
15. Bxg6 hxg6 16. Qf3 c6 17. Rfd1 e5 18. dxe5 Bxe5 19. Rxd8 Rxd8 20. Rd1 b5 21.
g3 Rxd1+ 22. Qxd1 c5 23. Qd3 Kh7 24. Nd1 Bxb2 25. Nxb2 Qe6 26. g4 Qc6 27. Qe2
Ne4 28. Qc2 Ng5 29. f4 Ne6 30. Qg2 Qd6 31. Qe2 Qd5 32. Qg2 Qd6 33. h4 Nc7 34.
h5 gxh5 35. gxh5 Qe7 36. Qf3 Qd7 37. Nd1 Qd5 38. Qe2 Qf5 39. Nf2 Nd5 40. Kg2 c4
41. bxc4 bxc4 42. Kg3 c3 43. Qxa6 c2 44. Qd3 Ne7 45. Qc4 Qxh5 46. Qxc2+ Nf5+
47. Kg2 Qg6+ 48. Kh2 Qg3+ 49. Kh1 g6 50. Qe2 Nxe3 51. Ne4 Qxf4 52. Qh2+ Qxh2+
53. Kxh2 Nc4 54. Kg3 Kg7 55. a4 f5 56. Ng5 Kf6 57. Kh4 Na5 58. Nh7+ Kg7 59. Ng5
Nc6 60. Ne6+ Kf6 61. Ng5 Ke5 62. Nh3 1/2-1/2

[Event "9th Masters Final 2016"]
[Site "Bilbao ESP"]
[Date "2016.07.15"]
[Round "3.2"]
[White "Carlsen, M."]
[Black "Karjakin, Sergey"]
[Result "1-0"]
[WhiteElo "2855"]
[BlackElo "2773"]
[PlyCount "79"]
[EventDate "2016.07.13"]

1. e4 c5 2. Nf3 d6 3. c3 Nf6 4. Be2 g6 5. O-O Bg7 6. Bb5+ Nc6 7. d4 Qb6 8. Ba4
cxd4 9. cxd4 O-O 10. d5 Nb8 11. Nc3 Bg4 12. h3 Bxf3 13. Qxf3 Nbd7 14. Rb1 Rfc8
15. Bc2 Ne5 16. Qe2 Nfd7 17. Bg5 h6 18. Bh4 g5 19. Bg3 Qa6 20. Qd1 Rc4 21. Kh1
Rac8 22. f4 gxf4 23. Bxf4 Qb6 24. Qh5 Nf6 25. Qf5 Qd8 26. Bb3 Rd4 27. Bxe5 dxe5
28. Rbd1 Qd7 29. Qf3 Rb4 30. Rd2 Rf8 31. g4 a5 32. Rg2 Nh7 33. h4 Rb6 34. g5
Kh8 35. Rfg1 f5 36. Qh3 Rb4 37. gxh6 Bxh6 38. Qg3 Nf6 39. Qg6 Ng4 40. Rxg4 1-0

[Event "chess.com QF Blitz 1m+1spm 2016"]
[Site "chess.com INT"]
[Date "2016.06.23"]
[Round "25"]
[White "Carlsen, M."]
[Black "Petrosian, TL."]
[Result "1-0"]
[WhiteElo "2851"]
[BlackElo "2611"]
[PlyCount "81"]
[EventDate "2016.04.06"]
[EventType "blitz"]

1. e4 c5 2. Nf3 d6 3. d4 cxd4 4. Nxd4 Nf6 5. Nc3 g6 6. Be2 Bg7 7. O-O O-O 8.
Re1 Nc6 9. Nb3 Be6 10. Bf1 Rc8 11. Nd5 a6 12. c3 Nd7 13. Bg5 h6 14. Be3 Nce5
15. Qd2 Kh7 16. Bd4 b5 17. f4 Nc4 18. Qf2 Bxd5 19. exd5 Nf6 20. Rad1 a5 21. h3
a4 22. Na1 a3 23. Bxc4 bxc4 24. bxa3 Qa5 25. Nc2 Rfe8 26. Nb4 Qxa3 27. Re3 Qa5
28. Qe2 Nxd5 29. Nxd5 e5 30. Bb6 Qb5 31. fxe5 dxe5 32. Rf3 f5 33. Rff1 Qc6 34.
Bf2 e4 35. Nb4 Qe6 36. Bd4 Red8 37. Qe3 Bxd4 38. Rxd4 Rxd4 39. Qxd4 Re8 40. Nd5
Re7 41. Nxe7 1-0

[Event "chess.com QF Blitz 1m+1spm 2016"]
[Site "chess.com INT"]
[Date "2016.06.23"]
[Round "20"]
[White "Petrosian, TL."]
[Black "Carlsen, M."]
[Result "0-1"]
[WhiteElo "2611"]
[BlackElo "2851"]
[PlyCount "60"]
[EventDate "2016.04.06"]
[EventType "blitz"]

1. e4 e5 2. Nf3 Nc6 3. Bc4 Bc5 4. O-O Nf6 5. d3 O-O 6. c3 a6 7. Bb3 Ba7 8. h3
d6 9. Re1 Be6 10. Bc2 d5 11. Nbd2 dxe4 12. dxe4 Qe7 13. Qe2 Rad8 14. b3 Rd7 15.
Nf1 Rfd8 16. Be3 Bxe3 17. Nxe3 Qc5 18. Nd1 Nh5 19. b4 Qe7 20. Ne3 Nf4 21. Qf1
Qf6 22. Nf5 g6 23. Nh6+ Kg7 24. Ng4 Nxh3+ 25. gxh3 Bxg4 26. Nh2 Be6 27. Rad1
Rxd1 28. Rxd1 Rxd1 29. Qxd1 Bxh3 30. Qd3 Qg5+ 0-1

[Event "chess.com QF Blitz 1m+1spm 2016"]
[Site "chess.com INT"]
[Date "2016.06.23"]
[Round "22"]
[White "Petrosian, TL."]
[Black "Carlsen, M."]
[Result "0-1"]
[WhiteElo "2611"]
[BlackElo "2851"]
[PlyCount "56"]
[EventDate "2016.04.06"]
[EventType "blitz"]

1. e4 e5 2. Nf3 Nc6 3. d4 exd4 4. Bc4 Nf6 5. e5 Ng4 6. O-O d5 7. Bb5 Bd7 8.
Bxc6 bxc6 9. h3 Nh6 10. Nxd4 Nf5 11. Nc3 Bc5 12. Nxf5 Bxf5 13. Na4 Bb6 14. b3
O-O 15. Ba3 Re8 16. Re1 Qg5 17. Qc1 Qg6 18. Nc5 Bxh3 19. g3 Bg4 20. Qf4 Qh5 21.
Re3 Re6 22. f3 Rh6 23. Re2 Qh1+ 24. Kf2 Qxa1 25. fxg4 Rh2+ 26. Ke3 Qg1+ 27. Kd2
Rxe2+ 28. Kxe2 Bxc5 0-1

[Event "chess.com QF Blitz 3m+2spm 2016"]
[Site "chess.com INT"]
[Date "2016.06.23"]
[Round "16"]
[White "Petrosian, TL."]
[Black "Carlsen, M."]
[Result "0-1"]
[WhiteElo "2611"]
[BlackElo "2851"]
[PlyCount "114"]
[EventDate "2016.04.06"]
[EventType "blitz"]

1. Nf3 d5 2. g3 Bf5 3. Bg2 c6 4. d3 h6 5. O-O Nd7 6. Nbd2 e5 7. e4 dxe4 8. Nxe4
Ngf6 9. Ned2 Bd6 10. Nc4 Qc7 11. Re1 O-O 12. Nxd6 Qxd6 13. b3 Rfe8 14. Bb2 Rad8
15. Nd2 Qc7 16. h3 Nf8 17. Qf3 Bc8 18. Nc4 Ng6 19. Re2 b5 20. Nd2 Re6 21. Rae1
c5 22. Ne4 Nxe4 23. Qxe4 Rde8 24. h4 Qb6 25. a4 b4 26. Qe3 Qd6 27. Bh3 Nf4 28.
Bxe6 Nxe2+ 29. Rxe2 Rxe6 30. Bxe5 Qd7 31. Qxc5 f6 32. Qxb4 fxe5 33. Qc5 Bb7 34.
Rxe5 Rc6 35. Re7 Rxc5 36. Rxd7 Bf3 37. c4 Re5 38. Kh2 h5 39. g4 Bxg4 40. Rxa7
g5 41. Kg3 Rf5 42. hxg5 Rf3+ 43. Kg2 h4 44. g6 h3+ 45. Kg1 Rxd3 46. Rh7 Rxb3
47. c5 Ra3 48. c6 Rxa4 49. c7 Rc4 50. Re7 Bf5 51. g7 Rc2 52. Re5 Bd7 53. Re7
Rxc7 54. Kh2 Rb7 55. f4 Rb2+ 56. Kg3 Rg2+ 57. Kf3 Bc6+ 0-1

[Event "chess.com QF Blitz 3m+2spm 2016"]
[Site "chess.com INT"]
[Date "2016.06.23"]
[Round "11"]
[White "Carlsen, M."]
[Black "Petrosian, TL."]
[Result "1-0"]
[WhiteElo "2851"]
[BlackElo "2611"]
[PlyCount "67"]
[EventDate "2016.04.06"]
[EventType "blitz"]

1. e4 Nc6 2. Nf3 d6 3. d4 Nf6 4. Nc3 Bg4 5. d5 Nb8 6. h3 Bxf3 7. Qxf3 Nbd7 8.
g4 g6 9. Be3 Bg7 10. O-O-O c5 11. Qe2 b5 12. g5 Nh5 13. Nxb5 Rb8 14. c3 Qa5 15.
a4 Nb6 16. Nc7+ Kd8 17. Qa6 Qxa4 18. Bb5 Qxa6 19. Nxa6 Rb7 20. Bc6 Kc8 21. b4
Nc4 22. bxc5 Nxe3 23. fxe3 Rb3 24. Rd4 dxc5 25. Kc2 cxd4 26. Kxb3 dxe3 27. Kc2
Be5 28. Rb1 e2 29. Kd2 Ng3 30. Rb7 Bxc3+ 31. Kd3 Be5 32. Rxa7 Bb8 33. Ra8 e1=Q
34. Rxb8# 1-0

[Event "chess.com QF Blitz 1m+1spm 2016"]
[Site "chess.com INT"]
[Date "2016.06.23"]
[Round "21"]
[White "Carlsen, M."]
[Black "Petrosian, TL."]
[Result "1-0"]
[WhiteElo "2851"]
[BlackElo "2611"]
[PlyCount "75"]
[EventDate "2016.04.06"]
[EventType "blitz"]

1. e4 d5 2. exd5 Qxd5 3. Nc3 Qd6 4. d4 Nf6 5. Nf3 g6 6. Nb5 Qd8 7. c3 c6 8. Na3
Bg7 9. Nc4 O-O 10. Be2 Nbd7 11. O-O Nb6 12. Nce5 Be6 13. Re1 Bd5 14. Ng5 Nfd7
15. c4 Nxe5 16. dxe5 Bxc4 17. Qc2 Bxe2 18. Qxe2 Qd5 19. Bf4 Rad8 20. e6 f6 21.
Nf7 Rde8 22. h4 Qc4 23. Qf3 Nd5 24. Re4 Qb5 25. h5 Qxb2 26. Rae1 Qxa2 27. hxg6
hxg6 28. Qg4 Rxf7 29. exf7+ Kxf7 30. Qe6+ Kf8 31. Bd6 Qd2 32. Rg4 g5 33. Rg3 a5
34. Rh3 a4 35. Rh7 b5 36. Qe4 a3 37. Qg6 Qxe1+ 38. Kh2 1-0

[Event "chess.com QF Blitz 1m+1spm 2016"]
[Site "chess.com INT"]
[Date "2016.06.23"]
[Round "23"]
[White "Carlsen, M."]
[Black "Petrosian, TL."]
[Result "1-0"]
[WhiteElo "2851"]
[BlackElo "2611"]
[PlyCount "93"]
[EventDate "2016.04.06"]
[EventType "blitz"]

1. e4 c5 2. Nf3 d6 3. d4 cxd4 4. Nxd4 Nf6 5. Nc3 g6 6. Be2 Bg7 7. O-O O-O 8.
Re1 Nc6 9. Nb3 a6 10. Bf1 b5 11. a4 b4 12. Nd5 Nd7 13. a5 e6 14. Ne3 Qc7 15.
Nc4 Nc5 16. Bf4 e5 17. Be3 Rd8 18. Nb6 Rb8 19. Nd5 Qb7 20. Nxc5 dxc5 21. Bxc5
Be6 22. Bb6 Rd7 23. Qe2 Ra8 24. Rad1 Kh8 25. Qc4 Nd4 26. Bxd4 exd4 27. Rxd4 Rc8
28. Qxb4 Qxb4 29. Rxb4 Bxd5 30. exd5 Rxd5 31. Bxa6 Bf8 32. Rc4 Rxc4 33. Bxc4
Rxa5 34. Bxf7 Kg7 35. Bc4 Rf5 36. g3 Bc5 37. Re2 h5 38. Kg2 g5 39. Bd3 Rf8 40.
h3 g4 41. hxg4 hxg4 42. b4 Bb6 43. c4 Bd4 44. c5 Kh6 45. c6 Bb6 46. Bc4 Rf6 47.
Re6 1-0

[Event "chess.com QF Blitz 1m+1spm 2016"]
[Site "chess.com INT"]
[Date "2016.06.23"]
[Round "19"]
[White "Carlsen, M."]
[Black "Petrosian, TL."]
[Result "1-0"]
[WhiteElo "2851"]
[BlackElo "2611"]
[PlyCount "103"]
[EventDate "2016.04.06"]
[EventType "blitz"]

1. e4 d6 2. d4 g6 3. Nf3 Bg7 4. Bc4 Nf6 5. Qe2 O-O 6. O-O c6 7. Bb3 b5 8. a4 b4
9. Re1 Ba6 10. Qe3 Nbd7 11. Nbd2 c5 12. h3 cxd4 13. Nxd4 Qc7 14. Nb5 Qb7 15.
Nc4 Bxb5 16. axb5 Qxb5 17. Rxa7 Rxa7 18. Qxa7 Qc5 19. Qa4 Nb6 20. Nxb6 Qxb6 21.
Be3 Qb7 22. Bd2 Nd7 23. Bd5 Nc5 24. Qa5 Qa6 25. Qxb4 e6 26. Bc4 Qa7 27. b3 Rb8
28. Qa5 Qb7 29. e5 Bxe5 30. Rxe5 Ra8 31. Rxc5 Rxa5 32. Rxa5 Qe4 33. Bd3 Qd4 34.
Bh6 f5 35. Bf1 Kf7 36. Rb5 Kf6 37. Rb7 Qd1 38. h4 e5 39. Bg5+ Ke6 40. c4 d5 41.
Rb6+ Kd7 42. cxd5 f4 43. Rb7+ Kd6 44. Rxh7 f3 45. gxf3 Qxf3 46. Be7+ Kd7 47.
Bc5+ Kc8 48. Be3 Qg4+ 49. Bg2 Qd1+ 50. Kh2 Qg4 51. d6 Kd8 52. Bg5+ 1-0

[Event "chess.com QF Blitz 5m+2spm 2016"]
[Site "chess.com INT"]
[Date "2016.06.23"]
[Round "6"]
[White "Petrosian, TL."]
[Black "Carlsen, M."]
[Result "1-0"]
[WhiteElo "2611"]
[BlackElo "2851"]
[PlyCount "125"]
[EventDate "2016.04.06"]
[EventType "blitz"]

1. Nf3 d5 2. g3 c6 3. Bg2 Bf5 4. d3 Nd7 5. Nh4 Bg4 6. O-O e6 7. h3 Bh5 8. Qe1
Be7 9. Nf3 Ngf6 10. e4 O-O 11. Nbd2 a5 12. e5 Ne8 13. a4 Nc7 14. b3 c5 15. Bb2
Nb8 16. Nh2 Nc6 17. f4 f5 18. exf6 Bxf6 19. Bxf6 Qxf6 20. Ndf3 Rae8 21. Ne5 Na6
22. g4 Bg6 23. g5 Qd8 24. Nxg6 hxg6 25. Ng4 Nab4 26. Rf2 Nd4 27. Qd1 Qd6 28. c3
Rxf4 29. Rxf4 Qxf4 30. cxb4 axb4 31. Ra2 Qxg5 32. Rf2 Rf8 33. Rxf8+ Kxf8 34.
Kh1 Ke7 35. a5 Qf4 36. Qe1 g5 37. Bxd5 Qc7 38. Qe3 Kf8 39. Bg2 Qxa5 40. Qxg5
Qc7 41. Ne5 Nxb3 42. Qf4+ Kg8 43. Be4 Nd4 44. Bg6 Nf5 45. Bf7+ Kh7 46. Bxe6 Nh6
47. Bd5 Qd6 48. Qe4+ g6 49. Bc4 Nf5 50. Qxb7+ Ng7 51. Ng4 Qf4 52. Qg2 Nf5 53.
Nf6+ Kh6 54. Ne4 Ne3 55. Qf2 Qxf2 56. Nxf2 Nxc4 57. dxc4 b3 58. Nd3 Kg5 59. Kg2
Kh4 60. Kh2 g5 61. Kg2 g4 62. hxg4 Kxg4 63. Kf2 1-0

[Event "chess.com QF Blitz 5m+2spm 2016"]
[Site "chess.com INT"]
[Date "2016.06.23"]
[Round "8"]
[White "Petrosian, TL."]
[Black "Carlsen, M."]
[Result "1/2-1/2"]
[WhiteElo "2611"]
[BlackElo "2851"]
[PlyCount "202"]
[EventDate "2016.04.06"]
[EventType "blitz"]

1. Nf3 d5 2. g3 g6 3. c4 dxc4 4. Na3 Nc6 5. Nxc4 Bg7 6. Bg2 e5 7. O-O Nge7 8.
d3 O-O 9. Bd2 Be6 10. Rc1 a5 11. b3 Qd7 12. Bc3 f6 13. Qc2 b5 14. Ncd2 a4 15.
Ne4 axb3 16. axb3 Bf7 17. Bd2 Ra3 18. Nc5 Qd6 19. Nb7 Qd7 20. Nc5 Qd6 21. Be3
Rfa8 22. Nd2 Ra2 23. Qd1 Nd5 24. Nce4 Qd7 25. Bc5 h6 26. Nc3 Nxc3 27. Rxc3 f5
28. Rc2 R8a6 29. Qb1 Rxc2 30. Qxc2 Nd4 31. Bxd4 exd4 32. Rc1 Bf8 33. Bc6 Qe7
34. Bxb5 Ra7 35. Nf3 c5 36. Bc4 Kg7 37. Bxf7 Qxf7 38. Nd2 Qe6 39. Nc4 Be7 40.
Re1 h5 41. e4 dxe3 42. Nxe3 h4 43. Qc3+ Qf6 44. Qxf6+ Bxf6 45. Nd5 Ra3 46. Kg2
Rxb3 47. Re6 Bd4 48. Nf4 Bf6 49. gxh4 Kf7 50. Rc6 Bxh4 51. Nxg6 Bf6 52. Nf4 Be5
53. Rxc5 Bxf4 54. Rxf5+ Kg6 55. Rxf4 Rxd3 56. Rf3 Rd1 57. Re3 Ra1 58. h3 Kg5
59. Kg3 Rg1+ 60. Kh2 Ra1 61. Kg2 Kh4 62. Re4+ Kh5 63. Kg3 Ra3+ 64. f3 Ra1 65.
Re5+ Kg6 66. h4 Ra4 67. f4 Ra1 68. h5+ Kf6 69. Rb5 Rc1 70. Rb6+ Kf5 71. Rb5+
Kf6 72. h6 Kg6 73. Rb6+ Kh7 74. Kg4 Rg1+ 75. Kf5 Ra1 76. Kg5 Rg1+ 77. Kf5 Ra1
78. Re6 Ra2 79. Kg5 Rg2+ 80. Kf6 Kxh6 81. Re3 Kh7 82. f5 Ra2 83. Kf7 Ra7+ 84.
Re7 Ra5 85. f6 Ra8 86. Rd7 Kh6 87. Re7 Kh7 88. Rc7 Kh6 89. Rd7 Kh7 90. Ke6+ Kg6
91. Rg7+ Kh6 92. Rg4 Ra6+ 93. Kf7 Ra7+ 94. Ke6 Ra6+ 95. Ke5 Ra5+ 96. Ke6 Ra6+
97. Kf5 Ra5+ 98. Kf4 Ra4+ 99. Kg3 Rxg4+ 100. Kxg4 Kg6 101. f7 Kxf7 1/2-1/2

[Event "chess.com QF Blitz 5m+2spm 2016"]
[Site "chess.com INT"]
[Date "2016.06.23"]
[Round "3"]
[White "Carlsen, M."]
[Black "Petrosian, TL."]
[Result "1/2-1/2"]
[WhiteElo "2851"]
[BlackElo "2611"]
[PlyCount "203"]
[EventDate "2016.04.06"]
[EventType "blitz"]

1. d4 d6 2. e4 Nf6 3. Nc3 g6 4. Bg5 c6 5. Qd2 b5 6. Bd3 Nbd7 7. Nf3 h6 8. Bf4
Bg7 9. O-O Nh5 10. Be3 Nb6 11. a4 Nc4 12. Bxc4 bxc4 13. Qe2 Ba6 14. b4 O-O 15.
b5 Bb7 16. Qxc4 d5 17. Qd3 dxe4 18. Nxe4 cxb5 19. axb5 Qc7 20. Bd2 Nf4 21. Bxf4
Qxf4 22. Rfe1 Rfd8 23. Rad1 Rac8 24. c4 f5 25. Nc3 Bxf3 26. Qxf3 Qxf3 27. gxf3
Rxc4 28. Ne2 Kf7 29. Ra1 Rd7 30. Red1 Rc2 31. Kf1 Rb2 32. Ra5 Rc7 33. Nf4 Rb7
34. Ne2 R2xb5 35. Rxb5 Rxb5 36. Ra1 a5 37. Ra4 e6 38. Nc3 Rb4 39. Rxa5 Bxd4 40.
Ne2 Bb6 41. Ra2 Kf6 42. Kg2 Bc7 43. h3 Be5 44. Nc1 Rc4 45. Nd3 Bd6 46. Rb2 Rc3
47. Rd2 Ke7 48. Rd1 g5 49. Rd2 h5 50. Rd1 Kf6 51. Nb2 Bc7 52. Nd3 Rc2 53. Rc1
Rxc1 54. Nxc1 Ke5 55. Ne2 Kd5 56. Nc3+ Kc4 57. Nb1 Kd3 58. Na3 Bf4 59. Kf1 Bb8
60. Nb5 Kc4 61. Na3+ Kd3 62. Ke1 Bd6 63. Nb5 Be5 64. Na7 Kc4 65. Ke2 Kd5 66.
Nb5 Kc5 67. Na3 Bb2 68. Nc2 Bd4 69. Ne1 Kc4 70. Nd3 Kd5 71. Nb4+ Kd6 72. Nd3 e5
73. Nb4 Bc5 74. Nd3 Kd5 75. Ne1 Bb4 76. Nd3 Ba5 77. Ke3 Bb6+ 78. Ke2 e4 79.
fxe4+ Kxe4 80. f3+ Kd4 81. Ne1 Ba5 82. Nd3 Bc3 83. Nf2 Bb4 84. Nd3 Bd6 85. Nf2
Bf4 86. Nd3 Bg3 87. Nb2 Bd6 88. Nd3 h4 89. Nf2 Bg3 90. Nd3 Bd6 91. Nf2 Bc7 92.
Nd3 Bg3 93. Nb2 Bd6 94. Nd3 g4 95. fxg4 fxg4 96. hxg4 h3 97. Nf2 h2 98. Kf3 Ke5
99. Kg2 Kf4 100. Kxh2 Bc5 101. Nd3+ Kxg4 102. Nxc5 1/2-1/2

[Event "chess.com QF Blitz 3m+2spm 2016"]
[Site "chess.com INT"]
[Date "2016.06.23"]
[Round "12"]
[White "Petrosian, TL."]
[Black "Carlsen, M."]
[Result "0-1"]
[WhiteElo "2611"]
[BlackElo "2851"]
[PlyCount "136"]
[EventDate "2016.04.06"]
[EventType "blitz"]

1. e4 e5 2. Nf3 Nc6 3. Bb5 a6 4. Bxc6 dxc6 5. O-O Bd6 6. d3 Ne7 7. Nbd2 O-O 8.
Nc4 Ng6 9. a4 b6 10. h3 f6 11. Nh2 Be6 12. Ne3 Qd7 13. Qf3 Bc5 14. Nhg4 Kh8 15.
Bd2 Bd4 16. Bc1 b5 17. g3 Ne7 18. axb5 cxb5 19. h4 f5 20. exf5 Nxf5 21. Qg2 Nd6
22. c3 Bxg4 23. Nxg4 Qxg4 24. cxd4 Qxd4 25. Be3 Qxd3 26. Qc6 Nc4 27. Bc5 Rg8
28. b4 Rad8 29. Kg2 e4 30. Rfe1 Rge8 31. Rad1 Qf3+ 32. Kh2 h6 33. Rxd8 Rxd8 34.
Rxe4 Kh7 35. Qe6 Rd1 36. Re1 Rxe1 37. Qxe1 Qd5 38. Qe7 Ne5 39. h5 Nf3+ 40. Kg2
Nd2+ 41. Kh2 Qxh5+ 42. Kg1 Qd1+ 43. Kh2 Qh5+ 44. Kg1 Nf3+ 45. Kg2 Qd5 46. Qxc7
Ng5+ 47. Kh2 Ne6 48. Qf7 Qe4 49. Be3 Qg6 50. Qb7 Nd8 51. Qd5 Nf7 52. f4 Qc2+
53. Kh3 Qc4 54. Qf5+ Kg8 55. Bc5 Qf1+ 56. Kh2 Qe2+ 57. Kh3 Qe8 58. Qd5 Kh8 59.
Kg2 Nd8 60. Kh2 Qe2+ 61. Kg1 Ne6 62. Bd6 Qe3+ 63. Kg2 Nd4 64. Be5 Qe2+ 65. Kh3
Qf1+ 66. Kh4 Nf5+ 67. Kh5 Qh3+ 68. Kg6 Ne7+ 0-1